000 01262nam0a2200349 4500
001 RU\NLR\b_ik\164215
005 20250616230311.0
010 _a978-0-8058-5754-2
035 _a(NLR Aleph) 002237037
090 _a3506108
_c3506108
100 _a20071130d2006 |||y0rusy50 ca
101 0 _aeng
102 _aRU
105 _aa |||||||||
200 1 _aSocial psychology and economics
_fed. by David De Cremer [et al. ]
210 _aMahwah (N.J.)
_cLawrence Erlbaum associates
_d2006
215 _aXII, 355 c.
_cил.
_d24
320 _aБиблиогр. в конце гл.
320 _aУказ.: с. 335-355
541 0 _aСоциальная психология и экономика
_zrus
606 1 _aЭкономика
_xСоциально-психологические исследования
_92087361
_3RU\NLR\AUTH\661263524
606 1 _aПсихология социальная
_9930117
_3RU\NLR\AUTH\6623776
606 1 _aEconomics - Psychological aspects
_2lcsh
606 1 _aSocial psychology
_2lcsh
676 _a330.01'9
_v22
686 1 _aС550.42
686 1 _aС581
702 1 _aDe Cremer
_bD.
_gDavid
_4340
801 0 _aRU
_bNLR
_c20071130
_gRCR
942 _cBOOK
980 _aNB